|
|
|
|
| LEADER |
00000nam0a2200000 4500 |
| 001 |
295005 |
| 005 |
20231102000750.0 |
| 035 |
|
|
|a (RuTPU)RU\TPU\book\320081
|
| 090 |
|
|
|a 295005
|
| 100 |
|
|
|a 20150519d1983 km y0rusy50 ca
|
| 101 |
0 |
|
|a rus
|
| 102 |
|
|
|a UA
|
| 105 |
|
|
|a a z 001zy
|
| 200 |
1 |
|
|a Экономические проблемы использования промышленных отходов
|f Л. А. Белашов [и др.]
|g Академия наук Украинской ССР (АН УССР), Институт экономики промышленности (ИЭП)
|
| 210 |
|
|
|a Киев
|c Наукова думка
|d 1983
|
| 215 |
|
|
|a 160 с.
|c ил.
|
| 320 |
|
|
|a Библиография в ссылках.
|
| 606 |
1 |
|
|a Промышленные отходы
|x Использование комплексное
|2 stltpush
|3 (RuTPU)RU\TPU\subj\52544
|9 70956
|
| 610 |
1 |
|
|a безотходные производства
|
| 610 |
1 |
|
|a твердые отходы
|
| 610 |
1 |
|
|a газообразные отходы
|
| 610 |
1 |
|
|a жидкие отходы
|
| 610 |
1 |
|
|a негативные воздействия
|
| 610 |
1 |
|
|a биологическая защита
|
| 610 |
1 |
|
|a экономическая оценка
|
| 610 |
1 |
|
|a экономическая эффективность
|
| 675 |
|
|
|a 658.567.1
|v 4
|
| 701 |
|
1 |
|a Белашов
|b Л. А.
|g Леонид Андрианович
|
| 701 |
|
1 |
|a Жаркова
|b И. А.
|g Инна Александровна
|
| 701 |
|
1 |
|a Санжаревский
|b В. А.
|g Валерий Андреевич
|
| 701 |
|
1 |
|a Жадан
|b О. И.
|g Ольга Ивановна
|
| 712 |
0 |
2 |
|a Академия наук Украинской ССР (АН УССР)
|b Институт экономики промышленности (ИЭП)
|c (Донецк)
|2 stltpush
|3 (RuTPU)RU\TPU\col\13774
|
| 801 |
|
1 |
|a RU
|b 63413507
|c 20150519
|
| 801 |
|
2 |
|a RU
|b 63413507
|c 20191206
|g RCR
|
| 942 |
|
|
|c BK
|